| 000 | 00788nam a2200265Ia 4500 | ||
|---|---|---|---|
| 003 | OSt | ||
| 005 | 20220927104128.0 | ||
| 006 | a|||||r|||| 00| 0 | ||
| 007 | ta | ||
| 008 | 220926b |||||||| |||| 00| 0 eng d | ||
| 024 | _a104998 | ||
| 037 | _cReference Collections | ||
| 040 |
_aRTL _cRTL _beng |
||
| 041 |
_2eng _aeng |
||
| 082 | _a"X9(J381:7).212s, M2/GD" | ||
| 110 |
_a"Kerala, Statistics(deptt of-) (Kerala)" _9364589 |
||
| 245 | 0 | _aReport of crop cutting survey on paddy | |
| 260 |
_aTrivandrum _bGovt press India _c1982 |
||
| 300 |
_a48P _ccm. |
||
| 490 | _v1958 | ||
| 650 |
_aRice _9364590 |
||
| 700 |
_a"Kerala, Statistics(deptt of-) (Kerala)" _9364591 |
||
| 942 |
_h"X9(J381:7).212s, M2/GD" _cCC |
||
| 999 |
_c686297 _d686297 |
||